Movies Quiz

Random Movies Quiz

Twilight New Moon quiz! Stats

 Plays Quiz not verified by Sporcle

Score 0/21 Timer 02:00
0 Plays Today
name % Correct
edward
98.5%
bella
97.5%
alice
96.5%
carlisle
95.4%
jasper
94.8%
esme
94.7%
rosalie
92.9%
charlie
91.7%
emmett
89.5%
victoria
87.3%
renee
86%
name % Correct
jacob
85.7%
sam
83.5%
quil
73%
aro
69.2%
embry
66.5%
jane
65.2%
laurent
64.8%
caius
53.2%
marcus
51.4%
jared
48.6%

You're not logged in!

Compare scores with friends on all Sporcle quizzes.
OR
Log In

Sporcle TV

Today on Sporcle TV


Watch our educational content, quiz creation guides, and fun videos on Sporcle TV.

Show Comments

Extras

Created Nov 7, 2010ReportNominate
Tags:Twilight

Top Quizzes Today


Score Distribution

Your Account Isn't Verified!

In order to create a playlist on Sporcle, you need to verify the email address you used during registration. Go to your Sporcle Settings to finish the process.

Report this User

Report this user for behavior that violates our Community Guidelines.

Details: